000 00239nam a2200097Ia 4500
008 190216s9999||||xx |||||||||||||| ||und||
100 _aJayson Kow Prasad
245 0 _aHindi-Prasad Sangath
260 _bMac Millian And Com. Ltd
942 _cBK
999 _c18157
_d18157